000 00719nam a2200205Ia 4500
003 GCL
008 140319s9999 xx 000 0 ara d
040 _aGCL /
_cGCL
082 0 4 _a811.009
_bه س
100 1 _aهادى محيى الخفاجى
245 1 0 _aسنوات ضائعة من حياة المتنبى /
_cهادى محيى الخفاجى
300 _a374 ص
490 _aالهيئة العامة للاستعلامات
_v0
650 0 4 _aالشعراء العرب
650 0 4 _aالشعر العربى - تاريخ ونقد
650 0 4 _aالمتنبى, ابو الطيب
650 0 4 _aالادب العربى - تاريخ ونقد
650 0 4 _aطه حسين - تاريخ ونقد
942 _2ddc
_cBK
999 _c47946
_d47946